Dân gian sinh tử toàn thư : Giải mã phong tục dân gian về sinh nở, cưới hỏi, ma chay

Nội dung sách kể về những phong tục tập quán đa dạng của người phương Đông suốt hàng ngàn năm lịch sử, mỗi hiện tượng văn hóa đều có nguồn gốc lịch sử nhất định. Nhiều phong tục tập quán xuất hiện từ thời cổ đại và vẫn còn tồn...

全面介紹

Đã lưu trong:
書目詳細資料
主要作者: Thái Kỳ Thư
格式: 圖書
語言:Vietnamese
出版: H. Thời Đại 2011
叢編:Tìm hiểu phong tục dân gian
主題:
標簽: 添加標簽
沒有標簽, 成為第一個標記此記錄!
Thư viện lưu trữ: Thư viện Trường Đại học Nam Cần Thơ
LEADER 01218nam a22002057a 4500
001 NCT_70579
008 190921b xxu||||| |||| 00| 0 vie d
999 |c 3431  |d 3431 
020 |c 100000 
082 0 4 |2 23rd ed.  |a 398  |b Th550 
100 1 |a Thái Kỳ Thư 
245 1 0 |a Dân gian sinh tử toàn thư :  |b Giải mã phong tục dân gian về sinh nở, cưới hỏi, ma chay  |c Thái Kỳ Thư 
260 |a H.  |b Thời Đại  |c 2011 
300 |a 367 tr.  |c 24cm 
490 0 |a Tìm hiểu phong tục dân gian 
520 3 |a Nội dung sách kể về những phong tục tập quán đa dạng của người phương Đông suốt hàng ngàn năm lịch sử, mỗi hiện tượng văn hóa đều có nguồn gốc lịch sử nhất định. Nhiều phong tục tập quán xuất hiện từ thời cổ đại và vẫn còn tồn tại cho đến ngày nay. 
653 |a Sách tham khảo 
942 |2 ddc  |c BK 
952 |0 0  |1 0  |2 ddc  |4 0  |6 398_000000000000000_TH550  |7 0  |9 17973  |a 000001  |b 000001  |d 2019-09-21  |o 398 Th550  |p TK.00886  |r 2019-09-21  |v 100000.00  |w 2019-09-21  |y BK 
980 |a Thư viện Trường Đại học Nam Cần Thơ